| 000 | 00766pam a2200253 a 4500 | ||
|---|---|---|---|
| 008 | |||
| 020 | _a9780080968094 (hbk.) | ||
| 049 | _aMAIN | ||
| 090 |
_aTN780 _bEXT |
||
| 245 | 1 | 0 |
_aExtractive metallurgy of nickel, cobalt and platinum-group metals / _cFrank K. Crundwell ... [et al.] |
| 250 | _a5th ed. | ||
| 260 |
_aAmsterdam : _bElsevier, _c2011. |
||
| 300 |
_axi, 610 p. : _bill. ; _c22 cm. |
||
| 504 | _aIncludes bibliographical references. | ||
| 500 | _aIncludes index. | ||
| 650 | 0 |
_aCopper _xMetallurgy. |
|
| 700 | 1 | _aCrundwell, Frank K. | |
| 700 | _aMoats, Michael S. | ||
| 907 |
_a.b10386440 _b24-10-17 _c20-10-17 |
||
| 003 | |||
| 005 | 20230123122317.0 | ||
| 040 | _cNUST | ||
| 942 |
_cBOOKS _kTN780 _mEXT |
||
| 999 |
_c131458 _d131458 |
||